Library Banner

Punjabi kay sofi shair 1460 to 1900 = پنجابی کے صوفی شاعر (1460 تا 1900)/ (Record no. 136293)

MARC details
000 -LEADER
fixed length control field 00620nam a22001577a 4500
005 - DATE AND TIME OF LATEST TRANSACTION
control field 20241213121427.0
008 - FIXED-LENGTH DATA ELEMENTS--GENERAL INFORMATION
fixed length control field 241213b |||||||| |||| 00| 0 eng d
040 ## - CATALOGING SOURCE
Transcribing agency PK-LaUMT
082 ## - DEWEY DECIMAL CLASSIFICATION NUMBER
Classification number APC 297.4092
Item number LAJ-P
100 ## - MAIN ENTRY--PERSONAL NAME
Personal name Lajwanti Ramkrishan = لاجونتی رام کرشن
245 ## - TITLE STATEMENT
Title Punjabi kay sofi shair 1460 to 1900 = پنجابی کے صوفی شاعر (1460 تا 1900)/
Statement of responsibility, etc by Lajwanti Ramkrishan = لاجونتی رام کرشن ; translated by Amjad Ali Bhatti = مترجم امجد علی امجد
260 ## - PUBLICATION, DISTRIBUTION, ETC. (IMPRINT)
Place of publication, distribution, etc Lahore :
Name of publisher, distributor, etc Book Home,
Date of publication, distribution, etc 2004
300 ## - PHYSICAL DESCRIPTION
Extent 216 p.
546 ## - LANGUAGE NOTE
Language note Urdu
942 ## - ADDED ENTRY ELEMENTS (KOHA)
Koha item type Books
Holdings
Withdrawn status Lost status Damaged status Home library Current library Date acquired Full call number Barcode Date last seen Price effective from Koha item type
      UMT Main Campus UMT Main Campus 2024-12-13 APC 297.4092 LAJ-P 148115 2024-12-13 2024-12-13 Books